MARC details
| 000 -LEADER |
| fixed length control field |
02602cas a2200481 a 4500 |
| 001 - CONTROL NUMBER |
| control field |
11467993 |
| 003 - CONTROL NUMBER IDENTIFIER |
| control field |
OSt |
| 005 - DATE AND TIME OF LATEST TRANSACTION |
| control field |
20110915101601.0 |
| 008 - FIXED-LENGTH DATA ELEMENTS--GENERAL INFORMATION |
| fixed length control field |
770307d18911954enkuu w 0 a0eng d |
| 010 ## - LIBRARY OF CONGRESS CONTROL NUMBER |
| LC control number |
96644929 |
| Canceled/invalid LC control number |
sn 87019886 |
| 020 ## - INTERNATIONAL STANDARD BOOK NUMBER |
| International Standard Book Number |
0406091293 |
| 035 ## - SYSTEM CONTROL NUMBER |
| System control number |
(OCoLC)ocm02782973 |
| 040 ## - CATALOGING SOURCE |
| Original cataloging agency |
LDC |
| Transcribing agency |
NIC |
| Modifying agency |
MH |
| -- |
NST |
| -- |
DLC |
| -- |
OCoLC |
| -- |
DLC |
| 042 ## - AUTHENTICATION CODE |
| Authentication code |
lc |
| 043 ## - GEOGRAPHIC AREA CODE |
| Geographic area code |
e-uk--- |
| 050 00 - LIBRARY OF CONGRESS CALL NUMBER |
| Classification number |
KD276.3 |
| Item number |
.L39 |
| 082 ## - DEWEY DECIMAL CLASSIFICATION NUMBER |
| Classification number |
348.041 LAW |
| 245 04 - TITLE STATEMENT |
| Title |
The Law Reports 1890 Vol. 44 Ch.D. |
| Name of part/section of a work |
Cases determined in the Chancery Division and in lunacy and on appeal therefrom in the Court of Appeal / |
| Statement of responsibility, etc |
Supreme Court of Judicature. |
| 246 1# - VARYING FORM OF TITLE |
| Display text |
Vols. for 1942-1954 have title: |
| Title proper/short title |
Law reports of the Incorporated Council of Law Reporting. |
| Name of part/section of a work |
Chancery Division and cases in lunacy, and on appeal therefrom in the Court of Appeal |
| 246 30 - VARYING FORM OF TITLE |
| Title proper/short title |
Cases determined in the Chancery Division and in lunacy |
| 246 30 - VARYING FORM OF TITLE |
| Title proper/short title |
Chancery Division and cases in lunacy |
| 246 18 - VARYING FORM OF TITLE |
| Title proper/short title |
Law reports. |
| Name of part/section of a work |
Chancery Division |
| 260 ## - PUBLICATION, DISTRIBUTION, ETC. (IMPRINT) |
| Place of publication, distribution, etc |
London : |
| Name of publisher, distributor, etc |
Printed and published for the Council of Law Reporting by W. Clowes and Sons, |
| Date of publication, distribution, etc |
1890- |
| 300 ## - PHYSICAL DESCRIPTION |
| Extent |
v. |
| Dimensions |
24 cm. |
| 362 0# - DATES OF PUBLICATION AND/OR SEQUENTIAL DESIGNATION |
| Dates of publication and/or sequential designation |
Vol. 1 (1891)-1954. |
| 515 ## - NUMBERING PECULIARITIES NOTE |
| Numbering peculiarities note |
Vols. for <1941-> lack a numeric designation. |
| 580 ## - LINKING ENTRY COMPLEXITY NOTE |
| Linking entry complexity note |
Continued in 1955 by: Law reports. Chancery Division, and cases in lunacy and on appeal therefrom in the Court of Appeal. |
| 590 ## - LOCAL NOTE (RLIN) |
| Local note |
SERBIB/SERLOC merged record |
| 650 #0 - SUBJECT ADDED ENTRY--TOPICAL TERM |
| Topical term or geographic name as entry element |
Law reports, digests, etc. |
| Geographic subdivision |
Great Britain. |
| 9 (RLIN) |
4280 |
| 650 #0 - SUBJECT ADDED ENTRY--TOPICAL TERM |
| Topical term or geographic name as entry element |
Equity |
| Geographic subdivision |
Great Britain |
| Form subdivision |
Cases. |
| 9 (RLIN) |
4281 |
| 650 #0 - SUBJECT ADDED ENTRY--TOPICAL TERM |
| Topical term or geographic name as entry element |
Insanity (Law) |
| Geographic subdivision |
Great Britain |
| Form subdivision |
Cases. |
| 9 (RLIN) |
4282 |
| 710 1# - ADDED ENTRY--CORPORATE NAME |
| Corporate name or jurisdiction name as entry element |
Great Britain. |
| Subordinate unit |
High Court of Justice. |
| -- |
Chancery Division. |
| 9 (RLIN) |
4283 |
| 710 1# - ADDED ENTRY--CORPORATE NAME |
| Corporate name or jurisdiction name as entry element |
Great Britain. |
| Subordinate unit |
Court of Appeal. |
| 9 (RLIN) |
4284 |
| 710 2# - ADDED ENTRY--CORPORATE NAME |
| Corporate name or jurisdiction name as entry element |
Incorporated Council of Law Reporting for England and Wales. |
| 9 (RLIN) |
2564 |
| 710 1# - ADDED ENTRY--CORPORATE NAME |
| Corporate name or jurisdiction name as entry element |
Great Britain. |
| Subordinate unit |
Supreme Court of Judicature. |
| 9 (RLIN) |
4285 |
| 780 00 - PRECEDING ENTRY |
| Title |
Law reports. Cases determined in the Chancery Division and in bankruptcy and lunacy, and on appeal therefrom in the Court of Appeal |
| Record control number |
(DLC) 96644927 |
| -- |
(OCoLC)2778588 |
| 785 10 - SUCCEEDING ENTRY |
| Title |
Law reports. Chancery Division and cases in lunacy, and on appeal therefrom in the Court of Appeal |
| Record control number |
(DLC) 96644928 |
| -- |
(OCoLC)1605991 |
| 906 ## - LOCAL DATA ELEMENT F, LDF (RLIN) |
| a |
7 |
| b |
cbc |
| c |
serials |
| d |
u |
| e |
ncip |
| f |
19 |
| g |
n-oclcserc |
| 942 ## - ADDED ENTRY ELEMENTS (KOHA) |
| Source of classification or shelving scheme |
Dewey Decimal Classification |
| Koha item type |
Law Reports |